00753nam a2200193 i 4500999001500000003000400015005001700019008004100036020001800077040002200095245013100117260003700248300003500285650005700320700003100377700002700408942001300435952011100448 c7364d7364OSt20210921161346.0210603s2021 sp |||| | u0|| 0|spa d a9788418757112 aB-UPV bspacCDMR00aPeriodismo 2030 : brecetas para la era de la comunicación digital / cFernando Jáuregui y Sergio Martín (coordinadores) a[Córdoba] : bAlmuzara, c2021 a282, XXXI p. : bil. ; c24 cm 0aPeriodismexInnovacions tecnològiquesyS.XXI922721 aJáuregui, Fernando946571 aMartín, Sergio94658 2udccMON 00104070aCDMRbCDMReDonacióg17.05l1oCs /25pCDMR21090006r2022-01-27s2021-12-15w2021-09-21yMON